|
|
|
|
| LEADER |
00000nam a22000001i 4500 |
| 001 |
vtls009647238 |
| 003 |
SK-MaSNL |
| 005 |
20260425222931.0 |
| 008 |
130606s1994 xo r 000 slo |
| 020 |
|
|
|a 8023303074
|
| 035 |
|
|
|a (SVKBBclas03)vtls000014699
|
| 040 |
|
|
|a SNK
|b slo
|c SNK
|e AACR2
|
| 041 |
1 |
|
|a engslo
|
| 044 |
|
|
|a xo
|c SK
|
| 080 |
|
|
|a 338.2(437.6):66.0(082)
|2 1981
|
| 080 |
|
|
|a 541.64(082)
|2 1981
|
| 111 |
2 |
|
|a Aplichem '94
|d (1994)
|9 320225
|
| 245 |
0 |
0 |
|a Aplichem '94
|b Aplikovaná chémia v stratégii ekonomického rozvoja v Slovenskej republike Sekcia P: Polyméry 8. medzinárodný kongres pri medzinárodnom chemickom veľtrhu Incheba '94 v dňoch 22.- 3. júna 1994.
|
| 250 |
|
|
|a 1. vyd.
|
| 260 |
|
|
|a Bratislava
|b Dom techniky ZSVTS
|c 1994
|
| 300 |
|
|
|a 93 s.
|b Lit., tab., sch.
|
| 500 |
|
|
|a Prísp. v angl.
|
| 650 |
0 |
7 |
|a aplikovaná chémia
|2 SNKPH
|9 68393
|
| 650 |
0 |
7 |
|a ekonomický rozvoj
|2 SNKPH
|9 49952
|
| 650 |
0 |
7 |
|a polyméry
|2 SNKPH
|9 22159
|
| 651 |
|
7 |
|a Slovensko
|2 SNKPHgeo
|9 14231
|
| 655 |
|
7 |
|a zborníky
|2 SNKPH
|9 70165
|
| 999 |
|
|
|c 572313
|d 574243
|
| 952 |
|
|
|t P60, <04>, [BOOK], {604}
|a SNK
|b SNK
|y VYP
|7 0
|p 17A0025205
|o snkSC 86131 (P) D1
|0 0
|1 0
|4 0
|d 1996-12-02
|l 0
|r 2004-12-31 00:00:00
|w 2026-02-23
|